Manual de mediación: resolución de conflictos

محفوظ في:
التفاصيل البيبلوغرافية
المؤلف الرئيسي: Schilling Fuenzalida, Mario Tomás (مؤلف)
التنسيق: كتاب
اللغة:الإسبانية
منشور في: Santiago Cuatro Vientos 2002
الطبعة:2a. ed
الموضوعات:
الوسوم: إضافة وسم
لا توجد وسوم, كن أول من يضع وسما على هذه التسجيلة!

MARC

LEADER 00000cam a2200000 a 4500
001 UCI9809
003 CL-VaPUC
008 081212e20020000CL |||||||||||||||||spa|d
020 |a 9562420787 
082 0 4 |a 303.69  |b SCH  |2 21 
100 0 |a Schilling Fuenzalida, Mario Tomás  |e author  |9 533769 
245 1 0 |a Manual de mediación: resolución de conflictos 
250 |a 2a. ed 
300 |a 169 p 
942 |c BK 
945 |d 20081212 00:00:00  |a rbrito 
260 |a Santiago  |b Cuatro Vientos  |c 2002 
650 0 |a Mediación  |9 338396 
650 0 |a Mediación familiar  |9 466593 
650 7 |a MEDIADORES FAMILIARES  |2 CL-VaPUC  |9 530650 
650 7 |a CONCILIACION  |2 CL-VaPUC  |9 341638 
650 0 |a Resolución de conflictos  |9 434922 
583 |a last modification  |c 20130704 02:46:28  |k Rodrigo Vera 
999 |c 332273  |d 332271 
952 |0 0  |1 0  |4 0  |6 303_690000000000000_SCH_2002  |7 0  |8 A  |9 419816  |a BIBEDU  |b BIBEDU  |d 2019-11-22  |i 4505824  |o 303.69 SCH 2002  |p 4505824  |r 2019-11-22  |w 2019-11-22  |y BK  |k EBA 
952 |0 0  |1 0  |4 0  |6 303_690000000000000_SCH_2002  |7 0  |8 A  |9 419817  |a BIBGIM  |b BIBGIM  |d 2019-11-22  |i 4988329  |o 303.69 SCH 2002  |p 4988329  |r 2025-01-15  |w 2019-11-22  |y BK  |k SSL